[Event "Krakow op-A 29th"]
[Site "Krakow"]
[Date "2019.01.03"]
[Round "8"]
[White "Czerw, Dawid"]
[Black "Eggink, Mateusz"]
[Result "1/2-1/2"]
[WhiteElo "2275"]
[BlackElo "2138"]
[PlyCount "88"]
[EventDate "2018.12.27"]
[EventType "swiss"]
[EventRounds "9"]
[EventCountry "POL"]
[SourceTitle "CBM 189 Extra"]
[Source "ChessBase"]
[SourceDate "2019.06.03"]
[SourceVersion "1"]
[SourceVersionDate "2019.06.03"]
[SourceQuality "1"]

1. d4 d6 2. Nf3 Nf6 3. c4 Nbd7 4. Nc3 e5 5. e4 exd4 6. Nxd4 g6 7. Be2 Bg7 8. 0-0 0-0 9. Be3 Re8 10. f3 c6 11. Qd2 d5 12. cxd5 cxd5 13. exd5 Nb6 14. Bg5 Nbxd5 15. Bb5 Nxc3 16. bxc3 Bd7 17. Bc4 Rc8 18. Bb3 Qa5 19. Qf4 Nd5 20. Qd6 Nb6 21. Qf4 Nc4 22. Bf6 Qxc3 23. Bxg7 Kxg7 24. Rfc1 Qd2 25. Qxd2 Nxd2 26. Bd5 b5 27. Bb7 Rc4 28. Rxc4 Nxc4 29. Ba6 Na3 30. Rc1 Re5 31. Rc3 b4 32. Rc7 Rd5 33. Nb3 Nb5 34. Bxb5 Bxb5 35. Rxa7 Rd7 36. Rxd7 Bxd7 37. Kf2 Kf6 38. Ke3 Ke5 39. Nc5 Bb5 40. Nd3+ Bxd3 41. Kxd3 Kd5 42. Kc2 Kc4 43. Kb2 g5 44. g4 h6 1/2-1/2

[Event "Krakow op-A 29th"]
[Site "Krakow"]
[Date "2018.12.30"]
[Round "5"]
[White "Eggink, Mateusz"]
[Black "Chomczyk, Marek"]
[Result "0-1"]
[WhiteElo "2138"]
[BlackElo "2294"]
[PlyCount "82"]
[EventDate "2018.12.27"]
[EventType "swiss"]
[EventRounds "9"]
[EventCountry "POL"]
[SourceTitle "CBM 189 Extra"]
[Source "ChessBase"]
[SourceDate "2019.06.03"]
[SourceVersion "1"]
[SourceVersionDate "2019.06.03"]
[SourceQuality "1"]

1. c4 Nf6 2. Nc3 e5 3. Nf3 Nc6 4. a3 d5 5. cxd5 Nxd5 6. e3 Nxc3 7. bxc3 Bd6 8. e4 0-0 9. Bc4 Qf6 10. 0-0 Bg4 11. Be2 Rad8 12. h3 Bc8 13. d3 h6 14. Be3 b6 15. Qc2 Ne7 16. d4 Ng6 17. Nh2 c5 18. d5 Nf4 19. Bg4 Qg6 20. Bxf4 exf4 21. Bxc8 Rxc8 22. Rfe1 Rfe8 23. Nf3 Be5 24. Rad1 Qd6 25. a4 Rcd8 26. Nd2 Qf6 27. Rc1 Qg5 28. Rb1 Rd6 29. Kh1 Rg6 30. Rg1 Qf6 31. Rb3 c4 32. Nxc4 f3 33. Nxe5 Rxe5 34. c4 Rh5 35. Qc3 Rxg2 36. Rxg2 fxg2+ 37. Kxg2 Qg6+ 38. Kh2 Qxe4 39. a5 Rg5 40. Qf3 Qe5+ 41. Kh1 Qe1+ 0-1

[Event "Krakow op-A 29th"]
[Site "Krakow"]
[Date "2018.12.29"]
[Round "3"]
[White "Eggink, Mateusz"]
[Black "Marszalek, Maciej"]
[Result "0-1"]
[WhiteElo "2138"]
[BlackElo "2280"]
[PlyCount "146"]
[EventDate "2018.12.27"]
[EventType "swiss"]
[EventRounds "9"]
[EventCountry "POL"]
[SourceTitle "CBM 189 Extra"]
[Source "ChessBase"]
[SourceDate "2019.06.03"]
[SourceVersion "1"]
[SourceVersionDate "2019.06.03"]
[SourceQuality "1"]

1. e4 c5 2. b3 e6 3. Bb2 b6 4. Nf3 Bb7 5. e5 a6 6. g3 d6 7. exd6 Nf6 8. Bg2 Bxd6 9. 0-0 0-0 10. d4 Nbd7 11. Nbd2 cxd4 12. Nc4 Bc5 13. Bxd4 Be7 14. Nb2 Nc5 15. c4 Rc8 16. b4 Ncd7 17. Qb3 Qc7 18. Rfe1 Rfd8 19. a4 a5 20. bxa5 bxa5 21. Rac1 Nc5 22. Qe3 Ng4 23. Qc3 Bf6 24. Bxf6 Nxf6 25. Red1 Bxf3 26. Bxf3 h6 27. Rxd8+ Rxd8 28. Rd1 Rxd1+ 29. Bxd1 Nfd7 30. Bf3 Qb6 31. Qd4 Qc7 32. Bd1 Qe5 33. Qxe5 Nxe5 34. f4 Ned3 35. Nxd3 Nxd3 36. Kf1 Kf8 37. Ke2 Nc5 38. Ke3 Ke7 39. Kd4 Kd6 40. Bc2 f6 41. h4 e5+ 42. fxe5+ fxe5+ 43. Ke3 Ke6 44. g4 Kf6 45. Kf3 g5 46. h5 Ke6 47. Ke3 Kd6 48. Bd1 Nd7 49. Ke4 Ke6 50. Kd3 Nf6 51. c5 Kd5 52. c6 e4+ 53. Kc3 Kc5 54. Bb3 Kxc6 55. Kd4 Nxg4 56. Bd5+ Kd6 57. Bxe4 Nf6 58. Bg6 g4 59. Bf5 g3 60. Ke3 Nxh5 61. Kf3 Kc5 62. Bc8 Kb4 63. Bd7 Nf6 64. Bb5 Ne4 65. Bc6 Nc3 66. Kxg3 Nxa4 67. Kh4 Nc3 68. Kh5 Nb5 69. Kxh6 a4 70. Kg5 a3 71. Bd5 Nd4 72. Ba2 Kc3 73. Kf4 Kb2 0-1

[Event "Krakow op-A 28th"]
[Site "Krakow"]
[Date "2018.01.04"]
[Round "9"]
[White "Kucharska, Honorata"]
[Black "Eggink, Mateusz"]
[Result "1-0"]
[WhiteElo "1970"]
[BlackElo "2137"]
[PlyCount "77"]
[EventDate "2017.12.27"]
[EventType "swiss"]
[EventRounds "9"]
[EventCountry "POL"]
[SourceTitle "CBM 182 Extra"]
[Source "ChessBase"]
[SourceDate "2018.02.23"]
[SourceVersion "1"]
[SourceVersionDate "2018.02.23"]
[SourceQuality "1"]

1. e4 c5 2. Nc3 g6 3. g3 Bg7 4. Bg2 Nc6 5. d3 Rb8 6. Be3 d6 7. Qd2 b5 8. f4 b4 9. Nd1 e6 10. Nf3 Nge7 11. 0-0 0-0 12. Bf2 f5 13. Re1 h6 14. Rb1 Qa5 15. Ne3 fxe4 16. dxe4 Rd8 17. Bf1 d5 18. e5 Qxa2 19. Ng4 Qa5 20. Nf6+ Kf7 21. g4 c4 22. Ra1 Qc7 23. g5 h5 24. Bc5 Rb5 25. Qf2 Na5 26. Bd6 Rxd6 27. exd6 Qxd6 28. Ne5+ Kf8 29. Qxa7 Nac6 30. Qf2 Rb8 31. Bh3 Nd8 32. Ra7 Nb7 33. Rea1 Qc7 34. R1a6 Bxf6 35. gxf6 Nf5 36. Nxg6+ Kf7 37. Bxf5 exf5 38. Ne5+ Kf8 39. f7 1-0

[Event "Krakow op-A 28th"]
[Site "Krakow"]
[Date "2017.12.31"]
[Round "6"]
[White "Eggink, Mateusz"]
[Black "Marczuk, Dominik"]
[Result "1/2-1/2"]
[WhiteElo "2137"]
[BlackElo "2278"]
[PlyCount "79"]
[EventDate "2017.12.27"]
[EventType "swiss"]
[EventRounds "9"]
[EventCountry "POL"]
[SourceTitle "CBM 182 Extra"]
[Source "ChessBase"]
[SourceDate "2018.02.23"]
[SourceVersion "1"]
[SourceVersionDate "2018.02.23"]
[SourceQuality "1"]

1. d4 e6 2. Nf3 Nf6 3. Bf4 c5 4. c3 cxd4 5. cxd4 Qb6 6. Qc2 Nc6 7. e3 d5 8. Nc3 Bd7 9. Be2 Be7 10. 0-0 0-0 11. Na4 Qa5 12. Nc5 Bxc5 13. dxc5 Ne4 14. Rfc1 f6 15. a3 e5 16. b4 Qc7 17. Bg3 Rac8 18. Nd2 Nxg3 19. hxg3 Be6 20. b5 Na5 21. Rab1 Rfd8 22. Rb4 Nc4 23. Nxc4 Qxc5 24. Bd3 dxc4 25. Bxc4 Kh8 26. Qe2 Qe7 27. Qb2 g6 28. Bxe6 Qxe6 29. Ra4 Rxc1+ 30. Qxc1 Qb3 31. Qc4 Qxc4 32. Rxc4 Rd1+ 33. Kh2 Rd7 34. Ra4 b6 35. Rc4 Kg7 36. g4 Kf7 37. Kg3 Ke6 38. Kf3 Rd5 39. Rc6+ Rd6 40. Rc7 1/2-1/2

[Event "Krakow op-A 28th"]
[Site "Krakow"]
[Date "2017.12.27"]
[Round "1"]
[White "Kaczmarek, Aleksander"]
[Black "Eggink, Mateusz"]
[Result "1-0"]
[WhiteElo "2352"]
[BlackElo "2137"]
[PlyCount "41"]
[EventDate "2017.12.27"]
[EventType "swiss"]
[EventRounds "9"]
[EventCountry "POL"]
[SourceTitle "CBM 182 Extra"]
[Source "ChessBase"]
[SourceDate "2018.02.23"]
[SourceVersion "1"]
[SourceVersionDate "2018.02.23"]
[SourceQuality "1"]

1. e4 c5 2. b3 d6 3. Bb2 e5 4. Bc4 Nf6 5. Nc3 a6 6. a4 Be7 7. Nge2 Nc6 8. Ng3 0-0 9. 0-0 Rb8 10. d3 Nd4 11. a5 Nc6 12. Nd5 Nxd5 13. Bxd5 Nxa5 14. f4 Nc6 15. Bxc6 bxc6 16. fxe5 d5 17. Nf5 dxe4 18. e6 fxe6 19. Qg4 Bf6 20. Nxg7 Bxb2 21. Ne8+ 1-0

[Event "GRB-ch Universities"]
[Site "Birmingham"]
[Date "2017.02.25"]
[Round "1.4"]
[White "Eggink, Mateusz"]
[Black "Gupta, Arpit"]
[Result "1-0"]
[WhiteElo "2137"]
[BlackElo "1665"]
[PlyCount "67"]
[EventDate "2017.02.25"]
[EventType "team-swiss"]
[EventRounds "5"]
[EventCountry "ENG"]
[SourceTitle "CBM 177 Extra"]
[Source "ChessBase"]
[SourceDate "2017.04.27"]
[SourceVersion "1"]
[SourceVersionDate "2017.04.27"]
[SourceQuality "1"]
[WhiteTeam "Warwicks Select"]
[BlackTeam "Bristol"]
[WhiteTeamCountry "ENG"]
[BlackTeamCountry "ENG"]

1. d4 Nf6 2. Bf4 d6 3. Nd2 g6 4. c3 Bg7 5. e4 c6 6. h3 0-0 7. Ngf3 Nfd7 8. Bc4 b5 9. Bb3 Bb7 10. 0-0 c5 11. d5 c4 12. Bc2 Nc5 13. Be3 Nbd7 14. Bd4 Nf6 15. Re1 e5 16. Bxc5 dxc5 17. Nxe5 Nxd5 18. exd5 Qd6 19. Nc6 f5 20. Re6 Qf4 21. Nf3 Rfe8 22. Qe2 Bxc6 23. dxc6 Red8 24. Re7 b4 25. c7 Rf8 26. g3 Qh6 27. Qxc4+ Kh8 28. h4 f4 29. Ng5 fxg3 30. fxg3 Bf6 31. Rxh7+ Qxh7 32. Nxh7 Kxh7 33. Qxc5 bxc3 34. Qh5+ 1-0

[Event "Warsaw Najdorf Memorial op-B 13th"]
[Site "Warsaw"]
[Date "2015.07.18"]
[Round "9"]
[White "Pastuszko, Kinga"]
[Black "Eggink, Mateusz"]
[Result "1/2-1/2"]
[WhiteElo "1877"]
[BlackElo "2177"]
[PlyCount "45"]
[EventDate "2015.07.10"]
[EventType "swiss"]
[EventRounds "9"]
[EventCountry "POL"]
[SourceTitle "CBM 167 Extra"]
[Source "ChessBase"]
[SourceDate "2015.09.14"]
[SourceVersion "1"]
[SourceVersionDate "2015.09.14"]
[SourceQuality "1"]

1. e4 c5 2. Nf3 d6 3. d4 cxd4 4. Nxd4 Nf6 5. Nc3 a6 6. Bg5 e6 7. f4 Qc7 8. Qd2 Nbd7 9. 0-0-0 b5 10. Bd3 Be7 11. g4 Bb7 12. Bxf6 Nxf6 13. g5 b4 14. gxf6 bxc3 15. Qxc3 Qxc3 16. bxc3 Bxf6 17. Kd2 Kd7 18. Rb1 Rhb8 19. Rb6 Bd8 20. Rb2 Bc8 21. Rhb1 Rxb2 22. Rxb2 Bc7 23. Ke3 1/2-1/2

[Event "Warsaw Najdorf Memorial op-B 13th"]
[Site "Warsaw"]
[Date "2015.07.14"]
[Round "5"]
[White "Kokoszczynski, Jan"]
[Black "Eggink, Mateusz"]
[Result "1/2-1/2"]
[WhiteElo "2027"]
[BlackElo "2177"]
[PlyCount "52"]
[EventDate "2015.07.10"]
[EventType "swiss"]
[EventRounds "9"]
[EventCountry "POL"]
[SourceTitle "CBM 167 Extra"]
[Source "ChessBase"]
[SourceDate "2015.09.14"]
[SourceVersion "1"]
[SourceVersionDate "2015.09.14"]
[SourceQuality "1"]

1. e4 c5 2. Nf3 e6 3. d4 cxd4 4. Nxd4 a6 5. c4 Nf6 6. Nc3 d6 7. g3 Qc7 8. Qe2 g6 9. Bg2 Bg7 10. Be3 0-0 11. 0-0 Nbd7 12. h3 Rb8 13. Rac1 b6 14. Rfd1 Bb7 15. b3 Rbd8 16. f4 Qb8 17. b4 Qa8 18. Bf2 Rc8 19. Nb3 Rfd8 20. a3 Qb8 21. g4 h6 22. Bg3 Nh7 23. Qd3 Qa8 24. Qe2 Qb8 25. Qd3 Qa8 26. Qe2 Qb8 1/2-1/2

[Event "Lazy op 11th"]
[Site "Lazy"]
[Date "2015.07.03"]
[Round "6"]
[White "Eggink, Mateusz"]
[Black "Karpus, Michal"]
[Result "0-1"]
[WhiteElo "2177"]
[BlackElo "2114"]
[PlyCount "98"]
[EventDate "2015.06.28"]
[EventType "swiss"]
[EventRounds "9"]
[EventCountry "POL"]
[SourceTitle "CBM 167 Extra"]
[Source "ChessBase"]
[SourceDate "2015.09.14"]
[SourceVersion "1"]
[SourceVersionDate "2015.09.14"]
[SourceQuality "1"]

1. e4 e5 2. Nf3 Nc6 3. Bc4 Bc5 4. 0-0 Nf6 5. d3 d6 6. c3 0-0 7. Nbd2 Ne7 8. Re1 Ng6 9. Nf1 h6 10. Qc2 Bg4 11. N3d2 d5 12. exd5 Nxd5 13. h3 Be6 14. Nf3 Qd6 15. N1d2 Qc6 16. b4 Be7 17. a4 a6 18. Nb3 b5 19. Na5 Qd7 20. Bxd5 Qxd5 21. c4 Qd7 22. Ba3 bxa4 23. Nb7 Rfe8 24. Rad1 Rab8 25. Nc5 Bxc5 26. bxc5 Bf5 27. Re3 Rb3 28. Bb2 f6 29. g4 Be6 30. d4 e4 31. Nh2 Rxb2 32. Qxb2 Bxc4 33. Rde1 Nf4 34. Qc3 Bd5 35. Qd2 Rb8 36. Qc2 f5 37. Rb1 Rf8 38. Rg3 Nd3 39. gxf5 Qxf5 40. Ng4 Qh5 41. Rb8 Qh4 42. Rxf8+ Kxf8 43. Qxa4 Nf4 44. Qxa6 Qd8 45. Ne3 Be6 46. d5 Bc8 47. Qc4 Nxh3+ 48. Kf1 Qf6 49. Nd1 Ba6 0-1

[Event "Lazy op 11th"]
[Site "Lazy"]
[Date "2015.06.30"]
[Round "3"]
[White "Kowalski, Maciej"]
[Black "Eggink, Mateusz"]
[Result "1/2-1/2"]
[WhiteElo "2107"]
[BlackElo "2177"]
[PlyCount "46"]
[EventDate "2015.06.28"]
[EventType "swiss"]
[EventRounds "9"]
[EventCountry "POL"]
[SourceTitle "CBM 167 Extra"]
[Source "ChessBase"]
[SourceDate "2015.09.14"]
[SourceVersion "1"]
[SourceVersionDate "2015.09.14"]
[SourceQuality "1"]

1. e4 c5 2. Nf3 d6 3. d4 cxd4 4. Nxd4 Nf6 5. Nc3 a6 6. f3 e5 7. Nb3 Be6 8. Be3 Be7 9. Qd2 0-0 10. 0-0-0 Nbd7 11. g4 Nc5 12. Nxc5 dxc5 13. g5 Qxd2+ 14. Rxd2 Nd7 15. Nd5 Bd8 16. h4 Rc8 17. f4 g6 18. Bh3 Bxh3 19. Rxh3 exf4 20. Bxf4 Re8 21. e5 Ba5 22. c3 Re6 23. Re3 Bc7 1/2-1/2

[Event "Krakow op-A 25th"]
[Site "Krakow"]
[Date "2014.12.29"]
[Round "4"]
[White "Eggink, Mateusz"]
[Black "Nowak, Lukasz1111"]
[Result "1/2-1/2"]
[WhiteElo "2247"]
[BlackElo "2128"]
[PlyCount "111"]
[EventDate "2014.12.27"]
[EventType "swiss"]
[EventRounds "9"]
[EventCountry "POL"]
[SourceTitle "CBM 164 Extra"]
[Source "ChessBase"]
[SourceDate "2015.03.02"]
[SourceVersion "1"]
[SourceVersionDate "2015.03.02"]
[SourceQuality "1"]

1. e4 c5 2. Nf3 d6 3. d4 cxd4 4. Nxd4 Nf6 5. Nc3 a6 6. Bg5 Nbd7 7. Bc4 Qb6 8. Bb3 e6 9. Qd2 Be7 10. 0-0-0 Nc5 11. f3 Qc7 12. Kb1 b5 13. a3 Bd7 14. g4 Rb8 15. h4 a5 16. Bxf6 Bxf6 17. g5 Be7 18. h5 0-0 19. g6 Nxb3 20. Nxb3 h6 21. gxf7+ Rxf7 22. Rhg1 Kh8 23. Rg6 Qa7 24. Rdg1 a4 25. Nc1 b4 26. axb4 Rxb4 27. Nd5 Rd4 28. Qg2 exd5 29. Rxg7 Bg5 30. Rxg5 hxg5 31. Qxg5 Bg4 32. Qh6+ Kg8 33. Rxg4+ Rg7 34. Qxd6 Rxg4 35. Qe6+ Kh8 36. Qxg4 dxe4 37. fxe4 Qe7 38. Qc8+ Rd8 39. Qc3+ Kh7 40. Nd3 Qg5 41. Qc4 Rf8 42. Qxa4 Qg1+ 43. Ka2 Qg8+ 44. Kb1 Rf1+ 45. Nc1 Qg1 46. Qd7+ Kh6 47. Qd2+ Kxh5 48. c3 Rd1 49. Qc2 Qe1 50. e5 Kg5 51. c4 Rd2 52. Qc3 Qe4+ 53. Ka2 Qa8+ 54. Qa3 Qxa3+ 55. Kxa3 Kf5 56. Kb3 1/2-1/2

[Event "Krakow op-A 25th"]
[Site "Krakow"]
[Date "2014.12.28"]
[Round "2"]
[White "Eggink, Mateusz"]
[Black "Sivuk, Vitaly"]
[Result "0-1"]
[WhiteElo "2247"]
[BlackElo "2501"]
[PlyCount "46"]
[EventDate "2014.12.27"]
[EventType "swiss"]
[EventRounds "9"]
[EventCountry "POL"]
[SourceTitle "CBM 164 Extra"]
[Source "ChessBase"]
[SourceDate "2015.03.02"]
[SourceVersion "1"]
[SourceVersionDate "2015.03.02"]
[SourceQuality "1"]

1. e4 c6 2. Nf3 d5 3. Nc3 Bg4 4. h3 Bh5 5. exd5 cxd5 6. g4 Bg6 7. Bb5+ Nc6 8. Ne5 Rc8 9. d4 e6 10. 0-0 Bd6 11. Bf4 Nge7 12. Ne2 0-0 13. c3 Bxe5 14. Bxe5 Nxe5 15. dxe5 Qb6 16. Bd3 Bxd3 17. Qxd3 Nc6 18. Qg3 Qxb2 19. Qe3 b6 20. Ng3 d4 21. Qg5 h6 22. Qf4 dxc3 23. Nh5 Qd2 0-1

[Event "EU-ch U18 24th"]
[Site "Batumi"]
[Date "2014.10.28"]
[Round "9"]
[White "Laurusas, Tomas"]
[Black "Eggink, Mateusz"]
[Result "1-0"]
[WhiteElo "2422"]
[BlackElo "2164"]
[PlyCount "77"]
[EventDate "2014.10.19"]
[EventType "swiss"]
[EventRounds "9"]
[EventCountry "GEO"]
[SourceTitle "EXT 2015"]
[Source "ChessBase"]
[SourceDate "2014.11.20"]
[SourceVersion "1"]
[SourceVersionDate "2014.11.20"]
[SourceQuality "1"]

1. c4 c6 2. Nf3 d5 3. b3 Bg4 4. Bb2 Nd7 5. d4 Ngf6 6. Nbd2 e6 7. g3 Bd6 8. Bg2 0-0 9. 0-0 Qc7 10. Rc1 Rfe8 11. Re1 a5 12. a3 Qd8 13. Ne5 Bf5 14. h3 h6 15. Kh2 Ne4 16. Nxe4 Bxe4 17. f3 Bh7 18. Nxd7 Qxd7 19. e4 Be7 20. e5 b6 21. f4 Red8 22. Qe2 b5 23. c5 a4 24. b4 Rf8 25. Rc3 Rfb8 26. Re3 Kf8 27. g4 Ke8 28. f5 Kd8 29. f6 gxf6 30. exf6 Bxf6 31. Rf3 Bg7 32. Qf2 Bg6 33. Bc1 f5 34. Qh4+ Kc8 35. gxf5 Bxf5 36. Rxf5 exf5 37. Re7 Qd8 38. Qe1 Bxd4 39. Qe6+ 1-0

[Event "Lazy op 10th"]
[Site "Lazy"]
[Date "2014.07.07"]
[Round "8"]
[White "Eggink, Mateusz"]
[Black "Krainski, Aleksander"]
[Result "0-1"]
[WhiteElo "2164"]
[BlackElo "2212"]
[PlyCount "118"]
[EventDate "2014.06.29"]
[EventType "swiss"]
[EventRounds "9"]
[EventCountry "POL"]
[SourceTitle "CBM 161 Extra"]
[Source "ChessBase"]
[SourceDate "2014.08.29"]
[SourceVersion "1"]
[SourceVersionDate "2014.08.29"]
[SourceQuality "1"]

1. e4 e5 2. Nf3 Nc6 3. d4 exd4 4. Bc4 Bc5 5. 0-0 d6 6. c3 Bg4 7. Bb5 dxc3 8. Nxc3 Nge7 9. h3 Bxf3 10. Qxf3 0-0 11. Qg3 Kh8 12. Kh1 f5 13. Bg5 Qe8 14. Nd5 Qf7 15. Nxc7 Rac8 16. Bxc6 bxc6 17. Na6 f4 18. Qc3 Bb6 19. Bxe7 Qxe7 20. Qf3 Bd4 21. Rab1 c5 22. b4 Qe5 23. b5 Rfe8 24. Rfe1 c4 25. a4 d5 26. exd5 Qxe1+ 27. Rxe1 Rxe1+ 28. Kh2 c3 29. Nb4 c2 30. Nxc2 Rxc2 31. d6 Rc8 32. a5 Rd8 33. b6 axb6 34. axb6 Bxb6 35. Qxf4 Rd1 36. h4 R1xd6 37. Kh3 Rf6 38. Qe4 Bxf2 39. g4 Rfd6 40. h5 h6 41. Qf5 Rd3+ 42. Kg2 Bh4 43. Qg6 Rd2+ 44. Kf3 Bg5 45. Ke4 R2d3 46. Kf5 R3d6 47. Qe8+ Kh7 48. Qe4 Rf6+ 49. Ke5+ Kh8 50. Qc2 Bf4+ 51. Ke4 Re8+ 52. Kf3 Bg5+ 53. Kg2 Rd6 54. Qa4 Rd2+ 55. Kf1 Red8 56. Qa6 Bh4 57. Qa4 Rb2 58. Kg1 Rc8 59. Qa1 Bf6 0-1

[Event "Lazy op 10th"]
[Site "Lazy"]
[Date "2014.07.06"]
[Round "7"]
[White "Kosiorek, Marek"]
[Black "Eggink, Mateusz"]
[Result "1/2-1/2"]
[WhiteElo "2361"]
[BlackElo "2164"]
[PlyCount "76"]
[EventDate "2014.06.29"]
[EventType "swiss"]
[EventRounds "9"]
[EventCountry "POL"]
[SourceTitle "CBM 161 Extra"]
[Source "ChessBase"]
[SourceDate "2014.08.29"]
[SourceVersion "1"]
[SourceVersionDate "2014.08.29"]
[SourceQuality "1"]

1. c4 Nf6 2. Nc3 c5 3. g3 g6 4. Bg2 Bg7 5. e4 Nc6 6. Nge2 d6 7. h3 0-0 8. 0-0 Nd4 9. d3 Rb8 10. Rb1 Bd7 11. Be3 Ne8 12. b4 cxb4 13. Bxd4 Bxd4 14. Nxd4 bxc3 15. Qc2 Qa5 16. Rfc1 Nc7 17. Qxc3 Qxc3 18. Rxc3 Rfc8 19. Rcb3 b6 20. Ra3 a6 21. Rab3 e5 22. Ne2 b5 23. a4 Ne6 24. axb5 axb5 25. cxb5 Nc5 26. Rc3 Rxb5 27. Rxb5 Bxb5 28. Nc1 Ra8 29. Bf3 Ra4 30. h4 Kf8 31. Kg2 Ke7 32. Be2 f5 33. f3 Kd8 34. Kf2 Kc7 35. Ke3 Kb6 36. Bd1 Ra1 37. exf5 gxf5 38. d4 Ne6 1/2-1/2

[Event "Lazy op 10th"]
[Site "Lazy"]
[Date "2014.06.29"]
[Round "1"]
[White "Pilzak, Marcin"]
[Black "Eggink, Mateusz"]
[Result "0-1"]
[WhiteElo "1968"]
[BlackElo "2164"]
[PlyCount "112"]
[EventDate "2014.06.29"]
[EventType "swiss"]
[EventRounds "9"]
[EventCountry "POL"]
[SourceTitle "CBM 161 Extra"]
[Source "ChessBase"]
[SourceDate "2014.08.29"]
[SourceVersion "1"]
[SourceVersionDate "2014.08.29"]
[SourceQuality "1"]

1. e4 c5 2. Nf3 d6 3. d4 cxd4 4. Nxd4 Nf6 5. Nc3 a6 6. Be2 e6 7. 0-0 Be7 8. f4 Qc7 9. Bf3 0-0 10. Kh1 Nc6 11. Be3 Rb8 12. a4 Na5 13. Qe1 b6 14. Qg3 Nc4 15. Bc1 Bb7 16. Re1 Rfd8 17. b3 Na5 18. Bb2 Rbc8 19. Rad1 Qb8 20. Qh3 Nc6 21. Nxe6 fxe6 22. Qxe6+ Kh8 23. Nd5 Re8 24. Qf5 Rf8 25. Nxb6 Rce8 26. Qg5 Rf7 27. Qg3 Bd8 28. Nc4 Bc7 29. e5 dxe5 30. fxe5 Rd7 31. Rxd7 Nxd7 32. Qg5 Qd8 33. Qh5 Na5 34. Bxb7 Nxb7 35. e6 Nf6 36. Qf3 Nc5 37. Ne5 Bxe5 38. Rxe5 Rxe6 39. Rxe6 Nxe6 40. h3 Qd5 41. Qe2 Nf4 42. Qf2 Nxh3 43. Qg3 Ng5 44. Bxf6 gxf6 45. c4 Qd1+ 46. Kh2 Qd7 47. Qc3 Ne4 48. Qf3 Qd6+ 49. Kg1 Qd4+ 50. Kh2 a5 51. c5 Qe5+ 52. Kg1 Qxc5+ 53. Kh2 Qe5+ 54. Kg1 h5 55. Qd3 Qc5+ 56. Kh2 Qd6+ 0-1

[Event "Gora Sw Anny op-A 7th"]
[Site "Gora Sw Anny"]
[Date "2014.02.27"]
[Round "7"]
[White "Eggink, Mateusz"]
[Black "Dobrowolski, Piotr"]
[Result "0-1"]
[WhiteElo "2075"]
[BlackElo "2422"]
[PlyCount "140"]
[EventDate "2014.02.22"]
[EventType "swiss"]
[EventRounds "10"]
[EventCountry "POL"]
[SourceTitle "CBM 159 Extra"]
[Source "ChessBase"]
[SourceDate "2014.04.24"]
[SourceVersion "1"]
[SourceVersionDate "2014.04.24"]
[SourceQuality "1"]

1. e4 c5 2. Nf3 e6 3. d4 cxd4 4. Nxd4 Nc6 5. Nc3 Qc7 6. Be2 a6 7. 0-0 Nf6 8. a3 Bc5 9. Be3 Nxd4 10. Bxd4 e5 11. Bxc5 Qxc5 12. Qd3 0-0 13. b4 Qc7 14. Qe3 b5 15. a4 bxa4 16. Rxa4 Bb7 17. Rfa1 Qc6 18. Ra5 Rfc8 19. Rc5 Qe6 20. Bc4 Qe7 21. Bd5 Nxd5 22. Nxd5 Bxd5 23. exd5 Qd6 24. c4 f6 25. h3 Rxc5 26. bxc5 Qc7 27. c6 dxc6 28. Qc5 a5 29. d6 Qd7 30. Qa3 a4 31. c5 Qe6 32. Qb4 Qd5 33. Kh2 Qd4 34. Qxd4 exd4 35. Kg3 Kf7 36. Kf4 a3 37. Ke4 Ra4 38. Kd3 a2 39. Kc2 Rc4+ 40. Kd3 Ra4 41. Kc2 Ra3 42. Kb2 Ra5 43. Rxa2 Rxc5 44. Ra7+ Ke6 45. d7 Rd5 46. Rc7 Rxd7 47. Rxc6+ Kd5 48. Rc8 Re7 49. Kc1 Re2 50. Rc7 g5 51. Rxh7 Rxf2 52. g4 Ke4 53. h4 gxh4 54. Rxh4 Kf4 55. g5+ Kxg5 56. Rxd4 Re2 57. Kd1 Re5 58. Rd8 f5 59. Rd2 Kg4 60. Rd8 f4 61. Rg8+ Kf3 62. Rg7 Kf2 63. Rg8 Rd5+ 64. Kc2 f3 65. Rg7 Kf1 66. Rg8 f2 67. Rg7 Ke2 68. Re7+ Kf3 69. Rf7+ Ke3 70. Rf8 Rd4 0-1

[Event "Gora Sw Anny op-A 7th"]
[Site "Gora Sw Anny"]
[Date "2014.02.22"]
[Round "1"]
[White "Eggink, Mateusz"]
[Black "Kislinsky, Alexey"]
[Result "0-1"]
[WhiteElo "2075"]
[BlackElo "2500"]
[PlyCount "114"]
[EventDate "2014.02.22"]
[EventType "swiss"]
[EventRounds "10"]
[EventCountry "POL"]
[SourceTitle "CBM 159 Extra"]
[Source "ChessBase"]
[SourceDate "2014.04.24"]
[SourceVersion "1"]
[SourceVersionDate "2014.04.24"]
[SourceQuality "1"]

1. e4 g6 2. d4 d6 3. g3 Bg7 4. Bg2 Nf6 5. Ne2 0-0 6. 0-0 Nbd7 7. f4 c5 8. d5 b5 9. a4 b4 10. c4 bxc3 11. bxc3 Ba6 12. a5 Rb8 13. Re1 Qc7 14. Qa4 Bd3 15. Nd2 Ng4 16. Bh3 f5 17. Bxg4 fxg4 18. Ra3 g5 19. fxg5 Bxe2 20. Rxe2 Ne5 21. Qc2 c4 22. Nf1 Qc5+ 23. Kg2 Nd3 24. Ra2 Rb3 25. Be3 Qb5 26. Bd2 Qe8 27. Ne3 Qh5 28. Kh1 Qh3 29. Rg2 Rf3 30. Kg1 Ne5 31. Qd1 Rb8 32. Ra1 Rb2 33. Rb1 Ra2 34. Ra1 Rxe3 35. Rxa2 Rxe4 36. Rb2 Nf3+ 37. Kh1 Be5 38. Qb1 Qxg2+ 39. Kxg2 Re2+ 40. Kf1 Rxd2 41. Rb8+ Kg7 42. Qf5 Nxh2+ 43. Ke1 Nf3+ 44. Qxf3 gxf3 45. Kxd2 f2 46. Ke2 Bxc3 47. Rb7 Bxa5 48. Rxa7 Be1 49. Rxe7+ Kg6 50. Re6+ Kxg5 51. Rxd6 c3 52. Rd7 Kf6 53. Rxh7 Ke5 54. Rd7 Kd4 55. d6 c2 56. Rc7 Bc3 57. d7 f1Q+ 0-1

[Event "Lazy op 9th"]
[Site "Lazy"]
[Date "2013.07.07"]
[Round "8"]
[White "Adamowicz, Maciej"]
[Black "Eggink, Mateusz"]
[Result "1-0"]
[WhiteElo "2036"]
[BlackElo "2044"]
[PlyCount "53"]
[EventDate "2013.06.30"]
[EventType "swiss"]
[EventRounds "9"]
[EventCountry "POL"]
[SourceTitle "CBM 155 Extra"]
[Source "ChessBase"]
[SourceDate "2013.08.26"]
[SourceVersion "1"]
[SourceVersionDate "2013.08.26"]
[SourceQuality "1"]

1. c4 e5 2. g3 g6 3. Bg2 Bg7 4. Nc3 Nc6 5. Nf3 d6 6. 0-0 Nge7 7. d3 0-0 8. Rb1 f5 9. Bd2 Nd4 10. b4 Ne6 11. Qb3 Kh8 12. a4 h6 13. a5 g5 14. a6 c6 15. b5 f4 16. axb7 Bxb7 17. bxc6 Bxc6 18. Nd5 Nf5 19. g4 Nfd4 20. Qd1 Qd7 21. Bc3 Nc5 22. h3 Na4 23. Ba1 Bxd5 24. cxd5 Rab8 25. Re1 Qc7 26. Rxb8 Rxb8 27. Nxd4 1-0